000 00555nam a2200229Ia 4500
003 OSt
005 20220924135330.0
006 a|||||r|||| 00| 0
007 ta
008 220923b |||||||| |||| 00| 0 ben d
024 _a290549
037 _cTextual
040 _aARTS
_cARTS
_bben
041 _2ben
_aben
082 _aO113,1L49,1, 157K1
100 _aGoethe
_917626
245 0 _aFoust
260 _c1961
650 _aENGLISH LITERATURE
942 _hO113,1L49,1, 157K1
_cTEXL
_2CC
999 _c440306
_d440306